00289nam a2200097Ia 4500008004000000082001600040100004000056245003900096260004800135300000800183210210b1977 xxu||||| |||| 00| 0 eng d a581.02 ASSQ aASSOCIATION OF INDIAN UNIVERSITIES. aQuestion bank book series: botany. aNDbAssociation Indian Universities.,c1977 a421